书目信息 |
| 题名: |
企业的自然之道
|
|
| 作者: | 纳特拉斯 , 奥特梅尔 著 ;汪开虎 , 单峰波 , 张东红 译 | |
| 分册: | ||
| 出版信息: | 上海 上海交通大学出版社 2010.05 |
|
| 页数: | 174页 | |
| 开本: | 24cm | |
| 丛书名: | 绿色经济译丛 | |
| 单 册: | ||
| 中图分类: | X322 , F270 | |
| 科图分类: | ||
| 主题词: | 企业管理--qi ye guan li--环境管理--研究 | |
| 电子资源: | ||
| ISBN: | 978-7-313-06151-5 | |
| 000 | 01770nam 2200349 450 | |
| 001 | 012010657239 | |
| 005 | 20101104161927.51 | |
| 010 | @a978-7-313-06151-5@dCNY28.00 | |
| 100 | @a20101104d2010 em y0chiy0120 ea | |
| 101 | 1 | @achi@ceng |
| 102 | @aCN@b310000 | |
| 105 | @aak z 000yy | |
| 106 | @ar | |
| 200 | 1 | @a企业的自然之道@Aqi ye de zi ran zhi dao@e财富、生态及进化型企业@d= The natural step for business@ewealth, ecology and the evolutionary corporation@f(加) 布莱恩·纳特拉斯, 玛丽·奥特梅尔著@F(jia)bu lai en·na te la si,ma li·ao te mei er zhu@g汪开虎, 单峰波, 张东红译@Gwang kai hu,dan feng bo,zhang dong hong yi@zeng |
| 210 | @a上海@c上海交通大学出版社@d2010.05 | |
| 215 | @a174页@c图@d24cm | |
| 225 | 2 | @a绿色经济译丛@Alu se jing ji yi cong |
| 330 | @a本书介绍了企业如何使用“自然之道”框架来帮助企业实现可持续发展。“自然之道”是瑞典的非营利性环保组织,其“自然之道”模型被西方企业广泛采用。书中介绍了“自然之道”框架的科学背景和原理以及利用该框架的四家企业的案例:宜家家居,斯堪迪克连锁酒店,固特菲斯公司和柯林斯林业公司,最后给出了如何利用该框架的一些建议。 | |
| 333 | @a企业管理人员, 企业社会责任与环保部门人员 | |
| 410 | 0 | @12001 @a绿色经济译丛 |
| 500 | 10 | @aNatural step for business : wealth, ecology and the evolutionary corporation@mChinese |
| 517 | 1 | @a财富、生态及进化型企业@Acai fu、sheng tai ji jin hua xing qi ye |
| 606 | 0 | @a企业管理@Aqi ye guan li@x环境管理@x研究 |
| 690 | @aX322@v4 | |
| 690 | @aF270@v4 | |
| 701 | 1 | @a纳特拉斯@Ana te la si@g(Nattrass, Brian)@4著 |
| 701 | 1 | @a奥特梅尔@Aao te mei er@g(Altomare, Mary)@4著 |
| 702 | 0 | @a汪开虎@Awang kai hu@4译 |
| 702 | 0 | @a单峰波@Adan feng bo@4译 |
| 702 | 0 | @a张东红@Azhang dong hong@4译 |
| 801 | 0 | @aCN@bQSSK@c20101104 |
| 905 | @b786897-99@dX322@eN041@f3 | |
| 企业的自然之道:财富、生态及进化型企业= The natural step for business:wealth, ecology and the evolutionary corporation/(加) 布莱恩·纳特拉斯, 玛丽·奥特梅尔著/汪开虎, 单峰波, 张东红译.-上海:上海交通大学出版社,2010.05 |
| 174页:图;24cm.-(绿色经济译丛) |
| 使用对象:企业管理人员, 企业社会责任与环保部门人员 |
| ISBN 978-7-313-06151-5:CNY28.00 |
| 本书介绍了企业如何使用“自然之道”框架来帮助企业实现可持续发展。“自然之道”是瑞典的非营利性环保组织,其“自然之道”模型被西方企业广泛采用。书中介绍了“自然之道”框架的科学背景和原理以及利用该框架的四家企业的案例:宜家家居,斯堪迪克连锁酒店,固特菲斯公司和柯林斯林业公司,最后给出了如何利用该框架的一些建议。 |
| ● |
| 相关链接 |
|
|
|
正题名:企业的自然之道
索取号:X322/N041
 
预约/预借
| 序号 | 登录号 | 条形码 | 馆藏地/架位号 | 状态 | 备注 |
| 1 | 786897 | 207868976 | 期刊室512/501自科库 66排3列5层/ [索取号:X322/N041] | 在馆 | |
| 2 | 786898 | 207868985 | 自科库501/501自科库 66排5列4层/ [索取号:X322/N041] | 在馆 | |
| 3 | 786899 | 207868994 | 自科库501/501自科库 66排5列4层/ [索取号:X322/N041] | 在馆 |